000 00719nam a2200205Ia 4500
003 OSt
005 20210915132549.0
008 210310s1990 ck grl 000 0 spa d
040 _aCO-JMCR
_cCO-JMCR
041 0 _aspa
082 0 4 _a344.046 /
_bC718e
_223
110 2 _aColombia.
_bInstituto Nacional de Pesca y Agricultura
_940468
245 1 0 _aEstatuto general de pesca :
_bLey 13 de enero 15 de 1990 /
_cInstituto Nacional de Pesca y Acuicultura /
260 _aBogotá :
_bMinisterio de Agricultura,
_c1990.
300 _a29 páginas ;
_c18 cm.
650 1 4 _aLegislación
_xPesca
_940469
650 2 4 _aRecursos hídricos
_xPesca
_940470
650 2 4 _aEstatuto general de pesca
_zColombia
_940471
942 _2ddc
_cBK
999 _c12446
_d12446